|
|
|
|
| LEADER |
01215nam a2200325 a 4500 |
| 001 |
29219 |
| 003 |
BD-DhAAL |
| 005 |
20230525134212.0 |
| 008 |
150513s2010 cc a 000 0 eng |
| 010 |
|
|
|a 2011405674
|
| 020 |
|
|
|a 9787508516851
|
| 040 |
|
|
|a DLC
|c DLC
|d DLC
|d BD-DhAAL
|
| 041 |
1 |
|
|a eng
|
| 050 |
0 |
0 |
|a DS730
|b .Z448413 2010
|
| 082 |
|
|
|2 22
|a 305.8/00951
|
| 100 |
1 |
|
|a Zheng, Qian.
|9 11008
|
| 240 |
1 |
0 |
|a Zhongguo min zu yu zong jiao.
|l English.
|
| 245 |
1 |
0 |
|a China's ethnic groups and religions /
|c Zheng Qian ; translated by Hou Xiaocui, Rong Xueqin and Huang Ying.
|
| 260 |
|
|
|a [Beijing] :
|b China intercontinental press,
|c 2010.
|
| 300 |
|
|
|a 183 p. :
|b col. ill. ;
|c 23 cm.
|
| 541 |
|
|
|e 29219
|
| 650 |
|
0 |
|a Ethnology
|z China.
|9 11009
|
| 650 |
|
0 |
|a Minorities
|z China.
|9 11010
|
| 651 |
|
0 |
|a China
|x Religion.
|9 11011
|
| 700 |
|
|
|a Xiaocui, Hou
|9 11012
|
| 700 |
|
|
|a Xueqin, Rong
|9 11013
|
| 700 |
|
|
|a Ying, Huang
|9 11014
|
| 942 |
|
|
|2 ddc
|c BK
|
| 999 |
|
|
|c 34407
|d 34407
|
| 952 |
|
|
|0 0
|1 0
|2 ddc
|4 0
|6 305_800951000000000_ZHE
|7 0
|9 53718
|a BRACUL
|b BRACUL
|c GEN
|d 2015-05-13
|e BRAC Institute of Language
|l 1
|m 1
|o 305.800951 ZHE
|p 3010029219
|r 2026-02-24
|s 2025-10-13
|t 1
|w 2015-05-13
|y BK
|x Transferred from BIL to BRACUL on 06/06/22
|